| 000 | 00364nam a22001337a 4500 | ||
|---|---|---|---|
| 020 | _a9780070611030 | ||
| 082 |
_222 _a005.117 |
||
| 100 | _aHu, C. Thomas. | ||
| 245 | _aAn introduction to object-oranted programming with java / | ||
| 250 | _aNA | ||
| 260 |
_aNew Delhi, _bTata McGrew Hall, _cc2009. |
||
| 300 |
_axxvi,950 p. ; _bill. ; _c24 cm. |
||
| 942 |
_2ddc _cIT _013 |
||
| 999 |
_c1667 _d1667 |
||